000 00410nam a22001577a 4500
005 20221215121038.0
008 221215b |||||||| |||| 00| 0 eng d
020 _a978-93-5596-547-9
041 _aeng
082 _a331.9-SAR-A
100 _aSARMA,A.M
_96935
245 _aASPECTS OF LABOUR WELFARE AND SOCIAL SECURITY
260 _aMUMBAI
_bHIMALAYA PUBLISING HOUSE
_c2022
300 _a492;P.
942 _cBK
999 _c8038
_d8036